000 00827nam a2200253 a 4500
001 000014475
005 20200929163845.0
008 100111s1997 sp a 000 0 spa d
020 _a8437615623
040 _aDO-SdBNP
_bspa
_cBNPHU
082 _a863.6
_bG216gr
100 1 _aGarcía Hortelano, Juan,
_d1928-1992
_915617
245 1 0 _aGramática parda /
_cJuan García Hortelano ; edición de Milagros Sánchez Arnosi.
260 _aMadrid :
_bCátedra,
_c1997.
300 _a394, [5] p. :
_bil. ;
_c18 cm.
490 1 _aLetras hispánicas
_v432
650 4 _aNovela española
_91123
650 4 _aLiteratura española
_ySIGLO XX
_93326
650 4 _aGramática comparada y general
_91601
700 1 _aSánchez Arnosi, Milagros,
_eed.
_932697
830 0 _aLetras hispánicas ;
_v432
_94208
910 _aWM
049 _aBNGR
999 _c14064
_d14064